000 00549nam a2200193Ia 4500
003 0100
005 20150722020011.0
008 130303s9999 xx 000 0 und d
040 _cARRUPELIB
050 _aB2430.L484P46 1992
100 _aPeperzak, Adriaan
_913510
245 _aTo the other
_ban introduction to the philosophy of Emmanuel Levinas
260 _aIndiana
260 _bPurdue University Press
300 _axii
300 _b 247p. 22cm.
650 _bAfro-Americans-life skills guides
_913511
942 0 0 _010
_2lcc
_cMONOGRAPH
999 _c19281
_d19281